| Tag |
First Indicator |
Second Indicator |
Subfields |
| LEADER |
00000nam a2200000Ia 4500 |
| 001 |
in00004186813 |
| 005 |
20200810073100.0 |
| 006 |
m g d |
| 007 |
cr bn |||a|bb| |
| 008 |
850708s1685 enk o 001 | lat d |
| 035 |
|
|
|a (OCoLC)12241915
|
| 040 |
|
|
|a EAA
|c EAA
|d m/c
|d EAA
|d UMI
|d WaOLN
|
| 037 |
|
|
|a CL0037000029
|b ProQuest Information and Learning. 300 N. Zeeb Rd., Ann Arbor, MI 48106
|
| 041 |
1 |
|
|a grclat
|h grc
|
| 049 |
|
|
|a UMIA
|
| 130 |
0 |
|
|a Epistle of Barnabas.
|l Latin & Greek.
|
| 245 |
1 |
4 |
|a Tou hagiou Barnaba tou apostolou Epistolē Katholikē =
|b Sancti Barnabae Apostoli Epistola Catholica : accessit S. Hermae viri apostolici pastor.
|
| 260 |
|
|
|a Oxoniæ :
|b E Theatro Sheldoniano,
|c anno Dom. 1685.
|
| 300 |
|
|
|a 1 online resource ([36], 115, [17] pages)
|
| 336 |
|
|
|a text
|b txt
|2 rdacontent
|
| 337 |
|
|
|a computer
|b c
|2 rdamedia
|
| 338 |
|
|
|a online resource
|b cr
|2 rdacarrier
|
| 500 |
|
|
|a Greek and Latin text on opposite pages.
|
| 500 |
|
|
|a "Edvardi Bernardi ... annotationes": pages [3-14] at end.
|
| 500 |
|
|
|a Imperfect: [12], 200, [2] pages at end missing.
|
| 500 |
|
|
|a Index: pages [116-117]
|
| 500 |
|
|
|a Reproduction of original in Bodleian Library.
|
| 510 |
4 |
|
|a Wing
|c B849
|
| 533 |
|
|
|a Electronic reproduction.
|b Ann Arbor, Mich. :
|c UMI,
|d 1999-
|f (Early English books online)
|n Digital version of: (Early English books, 1641-1700 ; 909:1)
|7 s1999 miun s
|
| 700 |
0 |
|
|a Barnabas,
|c Apostle, Saint.
|
| 700 |
1 |
|
|a Bernard, Edward,
|d 1638-1696.
|
| 740 |
0 |
|
|a Epistolē Katholikē.
|
| 740 |
0 |
|
|a Sancti Barnabae Apostoli Epistola Catholica.
|
| 740 |
0 |
|
|a Epistola Catholica.
|
| 830 |
|
0 |
|a Early English books online.
|
| 856 |
4 |
0 |
|u http://proxy.library.tamu.edu/login?url=https://search.proquest.com/docview/2240952570
|z Connect to the full text of this electronic book
|t 0
|
| 999 |
f |
f |
|s 5653f0ba-c98d-3d8d-bfae-66b53eaa8373
|i a4fb5394-64d7-3f8f-a563-02018e0be10b
|t 0
|
| 952 |
f |
f |
|a Texas A&M University
|b College Station
|c Electronic Resources
|d Available Online
|t 0
|h No information provided
|
| 998 |
f |
f |
|t 0
|l Available Online
|